Spoločenská zodpovednosť firiem v textilnom a odevnom priemysle bakalárska práca

Gespeichert in:
Bibliographische Detailangaben
1. Verfasser: Szabóová, Simona
Körperschaft: Obchodná fakulta EU. Katedra marketingu
Weitere Verfasser: Chomová, Katarína, 1983-
Format: Buch
Sprache:Slowakisch
Veröffentlicht: Bratislava 2011
Tags: Tag hinzufügen
Keine Tags, Fügen Sie das erste Tag hinzu!

MARC

LEADER 00000nbm a2200000 4500
001 0132088
005 20161109111430.4
041 0 |a slo 
044 |a SK 
245 1 0 |a Spoločenská zodpovednosť firiem v textilnom a odevnom priemysle  |b bakalárska práca  |c Simona Szabóová ; školiteľ: Katarína Chomová 
264 1 |a Bratislava  |c 2011 
300 |a 64 s. 
100 1 |a Szabóová, Simona 
700 1 |a Chomová, Katarína, 1983- 
710 2 |a Obchodná fakulta EU. Katedra marketingu